Hướng dẫn sử dụng nhanh Excel 5 trên Windows
Saved in:
| Format: | Book |
|---|---|
| Language: | Undetermined |
| Published: |
Hà Nội
Giáo dục
1993
|
| Subjects: | |
| Tags: |
Add Tag
No Tags, Be the first to tag this record!
|
| Institutions: | Trung tâm Học liệu Trường Đại học Cần Thơ |
|---|
| LEADER | 00532nam a2200157Ia 4500 | ||
|---|---|---|---|
| 001 | CTU_5081 | ||
| 008 | 210402s9999 xx 000 0 und d | ||
| 082 | |a 005.3 | ||
| 082 | |b H561 | ||
| 245 | 0 | |a Hướng dẫn sử dụng nhanh Excel 5 trên Windows | |
| 245 | 0 | |c Bùi Văn Thanh, Nguyễn Tiến | |
| 260 | |a Hà Nội | ||
| 260 | |b Giáo dục | ||
| 260 | |c 1993 | ||
| 650 | |a programming languages ( electronic computers ),windows ( computer programs ) | ||
| 980 | |a Trung tâm Học liệu Trường Đại học Cần Thơ | ||